|
|
|
|
| LEADER |
00000nam0a2200000 4500 |
| 001 |
292550 |
| 005 |
20231102000515.0 |
| 020 |
|
|
|a RU
|b 84-5715
|
| 035 |
|
|
|a (RuTPU)RU\TPU\book\317186
|
| 090 |
|
|
|a 292550
|
| 100 |
|
|
|a 20150423d1982 k y0rusy5003 ca
|
| 101 |
0 |
|
|a rus
|
| 102 |
|
|
|a RU
|
| 105 |
|
|
|a a z 001zy
|
| 200 |
1 |
|
|a Расчет и проектирование элементов и узлов микроэлектронных радиотехнических систем и цепей СВЧ
|e сборник научных трудов
|f Московский государственный институт электронной техники (МИЭТ) ; под ред. Г. И. Веселова
|
| 210 |
|
|
|a Москва
|c Изд-во МИЭТ
|d 1982
|
| 215 |
|
|
|a 184 с.
|c ил.
|
| 320 |
|
|
|a Библиография в конце статей
|
| 606 |
1 |
|
|a Радиоэлектронные системы
|2 stltpush
|3 (RuTPU)RU\TPU\subj\23559
|9 48133
|
| 610 |
1 |
|
|a проектирование
|
| 610 |
1 |
|
|a элементы
|
| 610 |
1 |
|
|a узлы
|
| 610 |
1 |
|
|a расчеты
|
| 610 |
1 |
|
|a микроэлектронные устройства
|
| 610 |
1 |
|
|a СВЧ-цепи
|
| 610 |
1 |
|
|a микроэлектронная аппаратура
|
| 610 |
1 |
|
|a фидерные устройства
|
| 610 |
1 |
|
|a нелинейные каскады
|
| 610 |
1 |
|
|a биполярные транзисторы
|
| 610 |
1 |
|
|a лавинно-пролетные диоды
|
| 675 |
|
|
|a 621.37/.39
|z rus
|v 3
|
| 702 |
|
1 |
|a Веселов
|b Г. И.
|4 340
|
| 712 |
0 |
2 |
|a Московский государственный институт электронной техники (МИЭТ)
|c (1965-1992)
|2 stltpush
|3 (RuTPU)RU\TPU\col\19357
|
| 801 |
|
0 |
|a RU
|b RuMRKP
|c 19950704
|g psbo
|
| 801 |
|
1 |
|a RU
|b 63413507
|c 20150423
|
| 801 |
|
2 |
|a RU
|b 63413507
|c 20180418
|g RCR
|
| 942 |
|
|
|c BK
|